[Event "Challenge"]
[Site "http://www.queenalice.com/game.php?id=782204"]
[Date "2010.5.28"]
[Round "-"]
[White "GIOLE"]
[Black "sermino50"]
[Result "1-0"]
[WhiteElo "2044"]
[BlackElo "1292"]

1. d4 h5 2. c4 g6 3. Nc3 a5 4. Nf3 b6 5. e4 Nf6 6. Bd3 c5 7. d5 Ng4 8. h3 Nf6 9.
Bg5 Bh6 10. Bxh6 Rxh6 11. O-O 1-0

[Event "Challenge"]
[Site "http://www.queenalice.com/game.php?id=783607"]
[Date "2010.5.31"]
[Round "-"]
[White "GIOLE"]
[Black "leo2dipikke"]
[Result "1-0"]
[WhiteElo "2042"]
[BlackElo "1975"]

1. d4 Nf6 2. c4 d5 3. cxd5 Nxd5 4. Nf3 e6 5. e4 Nf6 6. Nc3 Bb4 7. Bd3 O-O 8. a3
Ba5 9. Bg5 h6 10. Bh4 g5 11. Bg3 c6 12. h3 b5 13. O-O Bb7 14. b4 Bb6 15. Qd2
Nbd7 16. Bd6 Re8 17. e5 Nd5 18. Nxd5 cxd5 19. Bxb5 f6 20. h4 Rc8 21. Qd3 Kg7 22.
h5 f5 23. g4 Bc6 24. Ba6 1-0

[Event "Challenge"]
[Site "http://www.queenalice.com/game.php?id=783626"]
[Date "2010.5.31"]
[Round "-"]
[White "GIOLE"]
[Black "colombHouse"]
[Result "1/2-1/2"]
[WhiteElo "2023"]
[BlackElo "2069"]

1. d4 d6 2. e4 Nf6 3. Nc3 g6 4. Nf3 Bg7 5. Be3 O-O 6. Bd3 c5 7. d5 Ng4 8. Bd2
Ne5 9. Nxe5 Bxe5 10. f4 Bd4 11. f5 e6 12. dxe6 fxe6 13. Qe2 exf5 14. Bc4+ Kh8
15. O-O-O Re8 16. Bf7 Re5 17. Bf4 Qf6 18. Bxe5 Bxe5 19. Bb3 Nc6 20. Kb1 Nd4 21.
Qd2 Nxb3 22. cxb3 fxe4 23. Nxe4 Bf5 24. Qd3 Qh4 25. Rhe1 Re8 26. g3 Qxh2 27. Rd2
Qh3 28. Kc1 Kg7 29. Rde2 Bf4+ 30. Kc2 Bxg3 31. Re3 Bxe1 32. Rxe1 Bxe4 33. Rxe4
1/2-1/2

[Event "AUTO-OPEN-1632"]
[Site "http://www.queenalice.com/game.php?id=797723"]
[Date "2010.7.2"]
[Round "3"]
[White "nemeth"]
[Black "GIOLE"]
[Result "1-0"]
[WhiteElo "2216"]
[BlackElo "1878"]

1. e4 e5 2. Nc3 Nf6 3. f4 d5 4. fxe5 Nxe4 5. Nf3 Be7 6. d4 Nxc3 7. bxc3 Nc6 8.
Bd3 h6 9. O-O Bg4 10. Qe1 Qd7 11. Rb1 b6 12. Qg3 g6 13. h3 Bf5 14. Bxf5 Qxf5 15.
Ng5 Qxc2 16. Rb2 Qxb2 17. Bxb2 hxg5 18. Qf3 O-O-O 19. Qxf7 Rhg8 20. Qe6+ Kb7 21.
Rf7 Rge8 22. Qxg6 1-0

[Event "AUTO-OPEN-1632"]
[Site "http://www.queenalice.com/game.php?id=797724"]
[Date "2010.7.2"]
[Round "3"]
[White "GIOLE"]
[Black "HelderNanques"]
[Result "1-0"]
[WhiteElo "2037"]
[BlackElo "1989"]

1. d4 f5 2. c4 Nf6 3. Nc3 e6 4. Nf3 Be7 5. e3 O-O 6. Bd3 c6 7. O-O d5 8. cxd5
Nxd5 9. Bd2 Bd7 10. Qb3 b6 11. Ne5 Be8 12. Rad1 Bd6 13. f4 Bxe5 14. fxe5 Qe7 15.
Nxd5 cxd5 16. Bb4 Qg5 17. Bxf8 Qxe3+ 18. Kh1 Kxf8 19. g4 g6 20. gxf5 gxf5 21.
Bxf5 Qxb3 22. Bc2+ Ke7 23. Bxb3 Bg6 24. h4 Bf5 25. Rxf5 1-0

[Event "AUTO-OPEN-1922"]
[Site "http://www.queenalice.com/game.php?id=817820"]
[Date "2010.8.13"]
[Round "2"]
[White "GIOLE"]
[Black "Markinhogatinho"]
[Result "0-1"]
[WhiteElo "1908"]
[BlackElo "1485"]

1. d4 Nf6 2. c4 g6 3. Nc3 Bg7 4. e4 d6 5. Nf3 O-O 6. Bd3 Bg4 7. h3 Bxf3 8. Qxf3
Nbd7 9. O-O c5 10. d5 a6 11. Rb1 Rb8 12. b3 Ne5 13. Qe2 Qa5 14. Bd2 b5 0-1

[Event "AUTO-OPEN-1922"]
[Site "http://www.queenalice.com/game.php?id=817827"]
[Date "2010.8.13"]
[Round "2"]
[White "DNWheeler"]
[Black "GIOLE"]
[Result "1-0"]
[WhiteElo "2026"]
[BlackElo "1931"]

1. d4 d5 2. c4 e6 3. cxd5 exd5 4. Nc3 Nf6 5. Bg5 Be7 6. Nf3 Nc6 7. e3 a6 8. Bd3
Bg4 9. h3 Bh5 10. g4 Bg6 11. Bxg6 hxg6 12. a3 Nxg4 13. Bxe7 Nxe7 14. Qb3 1-0

[Event "AUTO-OPEN-1922"]
[Site "http://www.queenalice.com/game.php?id=817828"]
[Date "2010.8.13"]
[Round "2"]
[White "GIOLE"]
[Black "DNWheeler"]
[Result "0-1"]
[WhiteElo "1919"]
[BlackElo "2038"]

1. d4 Nf6 2. c4 c5 3. d5 e6 4. Nc3 exd5 5. cxd5 d6 6. e4 g6 7. Bg5 h6 8. Bh4 g5
9. Bg3 a6 10. Bd3 Nbd7 11. Qa4 Be7 12. h4 Ng4 0-1

[Event "AUTO-OPEN-1612"]
[Site "http://www.queenalice.com/game.php?id=832906"]
[Date "2010.9.14"]
[Round "3"]
[White "doomedbr"]
[Black "GIOLE"]
[Result "1-0"]
[WhiteElo "2252"]
[BlackElo "1968"]

1. e4 g6 2. d4 Bg7 3. Nf3 d6 4. Nc3 c6 5. Bd3 Nf6 6. O-O O-O 7. Bg5 Qb6 8. b3
Bg4 9. e5 dxe5 10. dxe5 Nfd7 11. Be2 1-0

[Event "AUTO-OPEN-1612"]
[Site "http://www.queenalice.com/game.php?id=832907"]
[Date "2010.9.14"]
[Round "3"]
[White "GIOLE"]
[Black "doomedbr"]
[Result "0-1"]
[WhiteElo "1963"]
[BlackElo "2255"]

1. d4 d5 2. c4 e6 3. Nc3 Bb4 4. Nf3 Nf6 5. Bg5 O-O 6. e3 h6 7. Bh4 g5 8. Bg3 Ne4
9. Qc2 Nd7 10. Bd3 Ndf6 0-1